Электроэнергия: от получения и распределения до эффективного использования: материалы Всероссийской научно-технической конференции, 25-28 мая 2010 г., Томск

التفاصيل البيبلوغرافية
مؤلفون مشاركون: Национальный исследовательский Томский политехнический университет (НИ ТПУ), Электроэнергия: от получения и распределения до эффективного использования Всероссийская научно-техническая конференция
الملخص:Настоящий сборник содержит материалы Всероссийской научно-технической конференции "Электроэнергия: от получения и распределения до эффективного использования". Работа разделена на три секции: "стратегия технического, информационного и образовательного обеспечения эффективного развития электроэнергетики", "генерирование, передача и распределение электрической энергии для обеспечения надежного и эффективного функционирования потребителя в условиях оптового рынка", "повышение энергоэффективности процессов преобразования электроэнергии потребителями". Для студентов электроэнергетических специальностей. А также для широкого круга специалистов, занимающихся эксплуатацией электрических станций и электро-энергетических систем.
اللغة:الروسية
منشور في: Томск, Изд-во ТПУ, 2010
الموضوعات:
التنسيق: MixedMaterials كتاب
KOHA link:https://koha.lib.tpu.ru/cgi-bin/koha/opac-detail.pl?biblionumber=181351

MARC

LEADER 00000nam0a2200000 4500
001 181351
005 20231101223619.0
035 |a (RuTPU)RU\TPU\book\196586 
035 |a RU\TPU\book\153908 
090 |a 181351 
100 |a 20100607d2010 k y0rusy50 ca 
101 0 |a rus 
102 |a RU 
105 |a a z 101zy 
200 1 |a Электроэнергия: от получения и распределения до эффективного использования  |e материалы Всероссийской научно-технической конференции, 25-28 мая 2010 г., Томск  |f Национальный исследовательский Томский политехнический университет (НИ ТПУ)  
210 |a Томск  |c Изд-во ТПУ  |d 2010 
215 |a 351 с.  |c ил. 
320 |a Библиография в конце докладов. 
330 |a Настоящий сборник содержит материалы Всероссийской научно-технической конференции "Электроэнергия: от получения и распределения до эффективного использования". Работа разделена на три секции: "стратегия технического, информационного и образовательного обеспечения эффективного развития электроэнергетики", "генерирование, передача и распределение электрической энергии для обеспечения надежного и эффективного функционирования потребителя в условиях оптового рынка", "повышение энергоэффективности процессов преобразования электроэнергии потребителями". Для студентов электроэнергетических специальностей. А также для широкого круга специалистов, занимающихся эксплуатацией электрических станций и электро-энергетических систем. 
606 1 |a Электрическая энергия  |x Потребление  |2 stltpush  |3 (RuTPU)RU\TPU\subj\26890  |9 50724 
610 1 |a электроэнергетика 
610 1 |a электроэнергия 
610 1 |a генерирование 
610 1 |a передача 
610 1 |a распределение 
610 1 |a развитие 
610 1 |a преобразование 
610 1 |a электроснабжение 
610 1 |a эффективность 
610 1 |a оптовые рынки 
610 1 |a надежность 
610 1 |a конференции 
610 1 |a информационное обеспечение 
675 |a 621.31.031(063)  |v 3 
712 0 2 |a Национальный исследовательский Томский политехнический университет (НИ ТПУ)  |c (2009- )  |2 stltpush  |3 (RuTPU)RU\TPU\col\15902 
712 1 2 |a Электроэнергия: от получения и распределения до эффективного использования  |b Всероссийская научно-техническая конференция  |e Томск  |f 2010 
801 1 |a RU  |b 63413507  |c 20080829  |g PSBO 
801 2 |a RU  |b 63413507  |c 20211026  |g PSBO 
942 |c BK